Rozhodujeme se s podporou
Saved in:
| Main Author | |
|---|---|
| Format | Electronic eBook |
| Language | Czech |
| Published |
Karolinum
2022
|
| Edition | 1. elektronické vydání |
| Subjects | |
| Online Access | Dostupné v BOOKPORT po přihlášení pomocí eduID |
| ISBN | 978-80-246-5111-8 978-80-246-4992-4 |
| Physical Description | 1 online zdroj (248 stran) |
| LEADER | 00000nam a2200000 i 4500 | ||
|---|---|---|---|
| 001 | bkp420529357 | ||
| 003 | CZ-prgp | ||
| 005 | 20230925084223.0 | ||
| 006 | m o d | ||
| 007 | cr cn | ||
| 008 | 230925s2022 xr o 000 0 cze | ||
| 020 | |a 978-80-246-5111-8 |c 180 Kč |q (online ; pdf) | ||
| 020 | |a 978-80-246-4992-4 |c 250 Kč |q (print) | ||
| 040 | |a Grada |b cze |e rda | ||
| 100 | 1 | |a Baštecká, Bohumila | |
| 245 | 1 | 0 | |a Rozhodujeme se s podporou |c Bohumila Baštecká |
| 250 | |a 1. elektronické vydání | ||
| 264 | 1 | |b Karolinum |c 2022 | |
| 300 | |a 1 online zdroj (248 stran) | ||
| 336 | |a text |b txt |2 rdacontent | ||
| 337 | |a počítač |b c |2 rdamedia | ||
| 338 | |a online zdroj |b cr |2 rdacarrier | ||
| 520 | 3 | |a Transdisciplinární učebnice Rozhodujeme se s podporou je mimořádným počinem. Kotví v hodnotách a propojuje příběhy lidí s postižením a nejnovější vědecké poznatky. Rozhodování s podporou pomáhá dosahovat rovnosti před zákonem podle čl. 12 Úmluvy o právech osob se zdravotním postižením: Plně svéprávní jsme všichni, ať jsme v bezvědomí či máme demenci. Co je zapotřebí, aby to tak skutečně bylo? Jak překonávat překážky rovnosti fyzické i mezilidské? Odpověď si žádá řadu pohledů. Přináší je autorský tým spolu s ženami s mentálním postižením. Jazyk textu je srozumitelný. Inspiraci k přemýšlení, k činu a ke změně smýšlení najde v textu každý. | |
| 650 | 0 | 4 | |a Sociologie |
| 856 | 4 | 0 | |u https://www.bookport.cz/AccountSaml/SignIn/?idp=https://shibboleth.utb.cz/idp/shibboleth&returnUrl=/kniha/rozhodujeme-se-s-podporou-12144/ |y Dostupné v BOOKPORT po přihlášení pomocí eduID |